Využiteľnosť fondov EÚ v obci Zalužice diplomová práca

Salvato in:
Dettagli Bibliografici
Autore principale: Bajužíková, Iveta
Ente Autore: Podnikovohospodárska fakulta EU so sídlom v Košiciach. Katedra ekonómie
Altri autori: Stričík, Michal, 1969-
Natura: Libro
Lingua:slovacco
Pubblicazione: Košice 2009
Tags: Aggiungi Tag
Nessun Tag, puoi essere il primo ad aggiungerne!!

MARC

LEADER 00000nam$a2200000$$$4500
001 0098797
005 20240827093232.8
041 0 |a slo 
044 |a SK 
245 1 0 |a Využiteľnosť fondov EÚ v obci Zalužice  |b diplomová práca  |c Iveta Bajužíková ; škol. Michal Stričík 
264 1 |a Košice  |c 2009 
300 |a 71 s. 
100 1 |a Bajužíková, Iveta 
700 1 |a Stričík, Michal, 1969- 
710 2 |a Podnikovohospodárska fakulta EU so sídlom v Košiciach. Katedra ekonómie